Co to za język? - Statystyki

Ogólne statystyki
  • Ten quiz został rozwiązany 78 razy
    60 od ostatniego zresetowania
  • Średni wynik to 6 z 8
Statystyki odpowiedzi
Język Odpowiedź % Poprawnych
音楽を聴いています Japoński
92%
I listen music Angielski
90%
Ich höre Musik Niemiecki
90%
J'écoute de la musique Francuski
88%
Poslouchám hudbu Czeski
73%
Sto ascoltando la musica Włoski
73%
Estou ouvindo música Portugalski
63%
Saya sedang mendengarkan musik Indonezyjski
31%
Nie znaleziono quizów pasujących do podanych kryteriów
Rozkład punktacji
Procent ludzi z każdym wynikiem
Percentyl według liczby udzielonych odpowiedzi
Twoja historia wyników
Nie rozwiązałeś tego quizu od ostatniego zresetowania